Digital signal processors : (Record no. 175753)
[ view plain ]
| 000 -LEADER | |
|---|---|
| fixed length control field | 01013 a2200217 4500 |
| 003 - CONTROL NUMBER IDENTIFIER | |
| control field | Nust |
| 005 - DATE AND TIME OF LATEST TRANSACTION | |
| control field | 20220818132317.0 |
| 010 ## - LIBRARY OF CONGRESS CONTROL NUMBER | |
| LC control number | 2003064794 |
| 020 ## - INTERNATIONAL STANDARD BOOK NUMBER | |
| International Standard Book Number | 0130352144 |
| 040 ## - CATALOGING SOURCE | |
| Transcribing agency | Nust |
| 082 00 - DEWEY DECIMAL CLASSIFICATION NUMBER | |
| Classification number | 621.3822,KUO |
| 100 1# - MAIN ENTRY--PERSONAL NAME | |
| Personal name | Kuo, Sen M. |
| 9 (RLIN) | 696 |
| 245 10 - TITLE STATEMENT | |
| Title | Digital signal processors : |
| Remainder of title | architectures, implementations, and applications / |
| Statement of responsibility, etc. | Sen M. Kuo and Woon-Seng Gan. |
| 260 ## - PUBLICATION, DISTRIBUTION, ETC. | |
| Place of publication, distribution, etc. | Upper Saddle River, N.J. : |
| Name of publisher, distributor, etc. | Pearson/Prentice Hall, |
| Date of publication, distribution, etc. | c2005. |
| 300 ## - PHYSICAL DESCRIPTION | |
| Extent | xviii, 601 p. : |
| Other physical details | ill. ; |
| Dimensions | 24 cm. + |
| Accompanying material | 1CD-ROM (4 3/4 in.) |
| 505 ## - FORMATTED CONTENTS NOTE | |
| Formatted contents note | Introduction To DSP Systems (Page- 1), Fundamentals Of DSP (Page- 41), Implementation Considerations (Page- 92), Fixed-Point DSP (Page- 154), Floating Point (Page- 259), Finite Impulse Response Filtering (Page- 305).Infinite Impulse Response Filtering (Page- 377), Fast Fourier Transforms (Page- 445), Adaptive Filtering (Page- 514). |
| 650 #0 - SUBJECT ADDED ENTRY--TOPICAL TERM | |
| General subdivision | Telecommunication engineering |
| 651 ## - SUBJECT ADDED ENTRY--GEOGRAPHIC NAME | |
| Geographic name | (Include CD) |
| 9 (RLIN) | 8953 |
| 700 1# - ADDED ENTRY--PERSONAL NAME | |
| Personal name | Gan, Woon-Seng. |
| 9 (RLIN) | 98030 |
| 942 ## - ADDED ENTRY ELEMENTS (KOHA) | |
| Koha item type | Reference |
| Source of classification or shelving scheme | |
| Withdrawn status | Lost status | Source of classification or shelving scheme | Damaged status | Not for loan | Permanent Location | Current Location | Shelving location | Date acquired | Full call number | Barcode | Date last seen | Price effective from | Koha item type | Public note |
|---|---|---|---|---|---|---|---|---|---|---|---|---|---|---|
| Military College of Signals (MCS) | Military College of Signals (MCS) | Reference | 12/12/2016 | 621.3822,KUO | MCS31591 | 12/08/2016 | 12/12/2016 | Reference | Almirah No.22, Shelf No.5 |
